[Event "Obert Pobla de Lillet 2017"]
[Site "La Pobla de Lillet ESP"]
[Date "2017.08.01"]
[Round "1.1"]
[White "Movsziszian, Karen"]
[Black "Garcia Galeote, Lorenzo"]
[Result "1-0"]
[WhiteElo "2502"]
[BlackElo "1985"]
[PlyCount "89"]
[EventDate "2017.08.01"]
[EventType "swiss"]
[EventRounds "9"]
[EventCountry "ESP"]
[SourceTitle "Ajedrez en Madrid"]
[Source "lmi"]
[SourceDate "2016.08.01"]

1. g3 e5 2. c4 d5 3. cxd5 Qxd5 4. Nf3 Nc6 5. Nc3 Qd7 6. Bg2 Bc5 7. O-O Nf6 8.
a3 a6 9. b4 Ba7 10. Bb2 O-O 11. d3 Qe7 12. Rc1 Rd8 13. Nd2 Nd4 14. h3 c6 15.
Na4 Bf5 16. Nc5 Bxc5 17. Rxc5 Bg6 18. Re1 Nd7 19. Rc1 f6 20. Nc4 Bf7 21. e3 Ne6
22. Qc2 Rac8 23. Rcd1 Qf8 24. Kh2 Rc7 25. d4 exd4 26. exd4 Rcc8 27. Na5 Rc7 28.
Qf5 g6 29. Qf3 Ng7 30. Qf4 Rdc8 31. d5 Bxd5 32. Rxd5 cxd5 33. Bxd5+ Kh8 34.
Bxb7 g5 35. Qg4 Re8 36. Rxe8 Qxe8 37. Bxa6 Rc2 38. Bd4 Ne5 39. Qe4 Rd2 40. Kg2
h5 41. Bb7 Qb5 42. Bxe5 fxe5 43. Bc6 Qa6 44. Qxe5 Qa7 45. Qf6 1-0

[Event "Obert Pobla de Lillet 2017"]
[Site "La Pobla de Lillet ESP"]
[Date "2017.08.01"]
[Round "1.2"]
[White "Masachs Vendrell, Francesc"]
[Black "Muñoz Pantoja, Miguel"]
[Result "0-1"]
[WhiteElo "1983"]
[BlackElo "2497"]
[PlyCount "64"]
[EventDate "2017.08.01"]
[EventType "swiss"]
[EventRounds "9"]
[EventCountry "ESP"]
[SourceTitle "Ajedrez en Madrid"]
[Source "lmi"]
[SourceDate "2016.08.01"]

1. d4 Nf6 2. Nc3 c5 3. d5 Qa5 4. Bd2 b5 5. e4 b4 6. e5 bxc3 7. Bxc3 Qa4 8. exf6
gxf6 9. d6 Qe4+ 10. Qe2 Qe6 11. Qxe6 fxe6 12. Be2 Bb7 13. Bh5+ Kd8 14. Nf3 Rg8
15. O-O-O e5 16. Bf7 Rg7 17. Ba5+ Kc8 18. dxe7 Bxe7 19. Be8 Rxg2 20. Nh4 Rg8
21. Bf7 Rf8 22. Bd5 Bxd5 23. Rxd5 f5 24. Nf3 d6 25. Rg1 Nc6 26. Rg7 Kd7 27. Bd2
Rg8 28. Rxh7 Rh8 29. Rg7 Rag8 30. Rxg8 Rxg8 31. Kd1 Ke6 32. c4 Rg2 0-1

[Event "Obert Pobla de Lillet 2017"]
[Site "La Pobla de Lillet ESP"]
[Date "2017.08.01"]
[Round "1.4"]
[White "Riera Sola, Lluis"]
[Black "Renteria Becerra, Jorge"]
[Result "0-1"]
[WhiteElo "1973"]
[BlackElo "2332"]
[PlyCount "58"]
[EventDate "2017.08.01"]
[EventType "swiss"]
[EventRounds "9"]
[EventCountry "ESP"]
[SourceTitle "Ajedrez en Madrid"]
[Source "lmi"]
[SourceDate "2016.08.01"]

1. e4 c5 2. Nc3 a6 3. g3 b5 4. a3 Bb7 5. Bg2 g6 6. d3 Bg7 7. Be3 d6 8. Qd2 Nc6
9. Nge2 Nd4 10. O-O e6 11. Rae1 Ne7 12. f4 O-O 13. Nc1 b4 14. axb4 cxb4 15. Nd1
Qa5 16. c3 bxc3 17. bxc3 Nb5 18. Nb3 Qa3 19. Qc2 Rac8 20. Bc1 Qb4 21. cxb4 Rxc2
22. Na5 Ba8 23. Be3 Rb8 24. Rf2 Na3 25. e5 dxe5 26. Bc5 Nd5 27. Nc4 Rxf2 28.
Kxf2 Nc2 29. Re2 Ncxb4 0-1

[Event "Obert Pobla de Lillet 2017"]
[Site "La Pobla de Lillet ESP"]
[Date "2017.08.01"]
[Round "1.5"]
[White "Cervello Tost, Ferran"]
[Black "Martin Perez, Pau"]
[Result "1-0"]
[WhiteElo "2310"]
[BlackElo "1960"]
[PlyCount "51"]
[EventDate "2017.08.01"]
[EventType "swiss"]
[EventRounds "9"]
[EventCountry "ESP"]
[SourceTitle "Ajedrez en Madrid"]
[Source "lmi"]
[SourceDate "2016.08.01"]

1. d4 Nf6 2. c4 g6 3. Nc3 Bg7 4. e4 d6 5. Bd3 O-O 6. f3 e5 7. d5 Nh5 8. Be3 Nf4
9. Qd2 Nxd3+ 10. Qxd3 f5 11. O-O-O f4 12. Bf2 a6 13. Kb1 Bd7 14. g3 Qe7 15.
gxf4 exf4 16. h4 b5 17. h5 bxc4 18. Qd2 Be8 19. hxg6 hxg6 20. Nge2 Nd7 21. Nd4
Nc5 22. Ne6 Nxe6 23. dxe6 Qxe6 24. Bd4 Rd8 25. Qh2 Rf7 26. Qh8+ 1-0

[Event "Obert Pobla de Lillet 2017"]
[Site "La Pobla de Lillet ESP"]
[Date "2017.08.01"]
[Round "1.6"]
[White "Simon Del Sol, Jaume"]
[Black "Boix Moreno, Daniel"]
[Result "1/2-1/2"]
[WhiteElo "1947"]
[BlackElo "2300"]
[PlyCount "99"]
[EventDate "2017.08.01"]
[EventType "swiss"]
[EventRounds "9"]
[EventCountry "ESP"]
[SourceTitle "Ajedrez en Madrid"]
[Source "lmi"]
[SourceDate "2016.08.01"]

1. c4 g6 2. Nc3 c5 3. Nf3 Bg7 4. g3 Nc6 5. Bg2 d6 6. O-O e6 7. e3 Nge7 8. d4
cxd4 9. exd4 O-O 10. Bd2 Nf5 11. d5 exd5 12. cxd5 Ne5 13. Nxe5 Bxe5 14. Ne4
Bxb2 15. Rb1 Be5 16. Kh1 h6 17. Qc1 Bg7 18. Qa3 a5 19. Rfc1 b6 20. Rc6 b5 21.
Nxd6 b4 22. Bxb4 axb4 23. Qxa8 Nxd6 24. Rxb4 Qe7 25. Rc1 Bh3 26. Qa6 Bxg2+ 27.
Kxg2 Qe5 28. Qd3 Ra8 29. a4 Ra5 30. Rd1 Kh7 31. h4 h5 32. Qe3 Qf6 33. Qb6 Ra8
34. Rf4 Qe7 35. a5 Be5 36. Re1 f6 37. Rb4 Qf7 38. Qc6 Rc8 39. Qa6 Qxd5+ 40. Kg1
Rc7 41. Rb8 Qd2 42. Rbb1 Qd5 43. Qb6 Rc2 44. Rbd1 Qf3 45. Qa7+ Kh6 46. Qe3+
Qxe3 47. Rxe3 Ra2 48. Rxe5 fxe5 49. Rxd6 Rxa5 50. Re6 1/2-1/2

[Event "Obert Pobla de Lillet 2017"]
[Site "La Pobla de Lillet ESP"]
[Date "2017.08.01"]
[Round "1.7"]
[White "Aranda Marin, Cristian"]
[Black "Viñals Rioja, Jaume"]
[Result "1-0"]
[WhiteElo "2263"]
[BlackElo "1938"]
[PlyCount "77"]
[EventDate "2017.08.01"]
[EventType "swiss"]
[EventRounds "9"]
[EventCountry "ESP"]
[SourceTitle "Ajedrez en Madrid"]
[Source "lmi"]
[SourceDate "2016.08.01"]

1. d4 Nf6 2. g3 d5 3. c4 c6 4. Bg2 g6 5. Nf3 Bg7 6. Ne5 Ng4 7. cxd5 Nxe5 8.
dxe5 cxd5 9. f4 e6 10. e4 d4 11. O-O O-O 12. Nd2 b5 13. Nb3 Nc6 14. Qf3 Qb6 15.
Bd2 a5 16. Rfc1 Rd8 17. Nc5 Bf8 18. Nd3 b4 19. h4 Ba6 20. Bf1 Rac8 21. h5 b3
22. a3 a4 23. Be2 Rd7 24. hxg6 hxg6 25. Qg4 Rdc7 26. Rf1 Ne7 27. f5 exf5 28.
exf5 Rc2 29. Rad1 Rxb2 30. e6 Bxd3 31. exf7+ Kxf7 32. Bxd3 gxf5 33. Rxf5+ Ke8
34. Bb5+ Rc6 35. Qh5+ Kd7 36. Rxf8 d3+ 37. Kf1 Qd4 38. Qe8+ Kd6 39. Bb4+ 1-0

[Event "Obert Pobla de Lillet 2017"]
[Site "La Pobla de Lillet ESP"]
[Date "2017.08.01"]
[Round "1.8"]
[White "Guasch Murtra, Josep Maria"]
[Black "Romero Pallares, Daniel"]
[Result "0-1"]
[WhiteElo "1929"]
[BlackElo "2248"]
[PlyCount "83"]
[EventDate "2017.08.01"]
[EventType "swiss"]
[EventRounds "9"]
[EventCountry "ESP"]
[SourceTitle "Ajedrez en Madrid"]
[Source "lmi"]
[SourceDate "2016.08.01"]

1. d4 Nf6 2. c4 g6 3. Nc3 Bg7 4. e4 d6 5. Nf3 O-O 6. h3 e5 7. d5 a5 8. g4 Na6
9. Be3 Nd7 10. Rg1 Ndc5 11. Qd2 Nb4 12. Bxc5 dxc5 13. a3 Na6 14. O-O-O Bd7 15.
Kb1 Kh8 16. Bd3 Qf6 17. Rg3 Qb6 18. h4 c6 19. h5 Kg8 20. h6 Bf6 21. g5 Bh8 22.
Nh4 Qb3 23. Be2 Qb6 24. Bg4 Bxg4 25. Rxg4 Qb3 26. Qe2 Nc7 27. Rg3 Qb6 28. Rgd3
Qa6 29. R3d2 Rfb8 30. Ng2 cxd5 31. Nxd5 Ne6 32. Ne7+ Kf8 33. Rd6 Qa7 34. Rd7
Re8 35. Nd5 Rad8 36. Nc7 Nd4 37. Qg4 Qb6 38. Nxe8 Rxe8 39. Ne3 Qb3 40. R1xd4
exd4 41. Nd5 d3 42. Rxf7+ 0-1

[Event "Obert Pobla de Lillet 2017"]
[Site "La Pobla de Lillet ESP"]
[Date "2017.08.01"]
[Round "1.9"]
[White "Capellades Subirana, Marc"]
[Black "Povill Batlle, Ramon"]
[Result "1-0"]
[WhiteElo "2227"]
[BlackElo "1926"]
[PlyCount "97"]
[EventDate "2017.08.01"]
[EventType "swiss"]
[EventRounds "9"]
[EventCountry "ESP"]
[SourceTitle "Ajedrez en Madrid"]
[Source "lmi"]
[SourceDate "2016.08.01"]

1. e4 c5 2. Nf3 Nc6 3. Nc3 g6 4. Bc4 Bg7 5. O-O d6 6. h3 Nf6 7. Re1 Nd7 8. Nd5
O-O 9. c3 Nde5 10. Nxe5 Nxe5 11. Bf1 Nc6 12. Bb5 Bd7 13. d3 e6 14. Ne3 a6 15.
Ba4 b5 16. Bc2 b4 17. Bd2 a5 18. a3 Qc7 19. f4 Ne7 20. Kh1 a4 21. axb4 cxb4 22.
Bxa4 Bc8 23. Nc4 Ba6 24. cxb4 Bxc4 25. dxc4 Qxc4 26. Rc1 Qd4 27. Bc3 Qxd1 28.
Bxd1 Rfb8 29. Bf3 Nc6 30. Bxg7 Nxb4 31. Bc3 Nd3 32. Kh2 Nxe1 33. Rxe1 Rb5 34.
Rd1 Rd8 35. Be2 Rb7 36. Ba6 Ra7 37. Bf6 Rda8 38. Bb5 d5 39. exd5 exd5 40. Rxd5
Rc7 41. Be5 Re7 42. b4 f6 43. Bxf6 Re4 44. Rd4 Rxd4 45. Bxd4 Kf7 46. Bc6 Rd8
47. Be5 Ke6 48. b5 g5 49. b6 1-0

[Event "Obert Pobla de Lillet 2017"]
[Site "La Pobla de Lillet ESP"]
[Date "2017.08.01"]
[Round "1.10"]
[White "Collell Rodriguez, Victor"]
[Black "De la Riva Aguado, Jorge"]
[Result "1/2-1/2"]
[WhiteElo "1922"]
[BlackElo "2206"]
[PlyCount "37"]
[EventDate "2017.08.01"]
[EventType "swiss"]
[EventRounds "9"]
[EventCountry "ESP"]
[SourceTitle "Ajedrez en Madrid"]
[Source "lmi"]
[SourceDate "2016.08.01"]

1. e4 g6 2. d4 Bg7 3. Nc3 d6 4. h3 a6 5. a4 b6 6. Nf3 Bb7 7. Bc4 e6 8. O-O Nd7
9. Re1 Ne7 10. b3 O-O 11. Bb2 h6 12. Qd2 Kh7 13. Re2 c6 14. Ree1 Rc8 15. Rad1
b5 16. Bf1 Qb6 17. Qf4 e5 18. dxe5 dxe5 19. Qh4 1/2-1/2

[Event "Obert Pobla de Lillet 2017"]
[Site "La Pobla de Lillet ESP"]
[Date "2017.08.02"]
[Round "2.1"]
[White "Palacios Herrero, Pablo"]
[Black "Movsziszian, Karen"]
[Result "0-1"]
[WhiteElo "2122"]
[BlackElo "2502"]
[PlyCount "80"]
[EventDate "2017.08.01"]
[EventType "swiss"]
[EventRounds "9"]
[EventCountry "ESP"]
[SourceTitle "Ajedrez en Madrid"]
[Source "lmi"]
[SourceDate "2016.08.01"]

1. e4 g6 2. d4 Bg7 3. Nc3 d6 4. f4 Nf6 5. Nf3 Nc6 6. e5 dxe5 7. fxe5 Nd5 8.
Nxd5 Qxd5 9. c3 O-O 10. Bd3 f6 11. exf6 exf6 12. O-O Qd6 13. Be3 Ne7 14. Bf2
Be6 15. Nd2 b6 16. Qc2 Nd5 17. a3 Bh6 18. Rae1 Rae8 19. Kh1 Qd7 20. c4 Nf4 21.
Be4 f5 22. Bf3 Bf7 23. Nb3 c6 24. Nc1 g5 25. Nd3 Nxd3 26. Qxd3 g4 27. Bd1 f4
28. Rxe8 Bxe8 29. Be1 Bg6 30. Qe2 f3 31. gxf3 gxf3 32. Qf2 Qe6 33. Bd2 Bxd2 34.
Qxd2 f2 35. Rxf2 Be4+ 36. Rg2+ Kh8 37. Kg1 Bxg2 38. Kxg2 Qe4+ 39. Kh3 Rf4 40.
d5 Qf5+ 0-1

[Event "Obert Pobla de Lillet 2017"]
[Site "La Pobla de Lillet ESP"]
[Date "2017.08.02"]
[Round "2.2"]
[White "Muñoz Pantoja, Miguel"]
[Black "Fabre Massana, Miquel"]
[Result "1-0"]
[WhiteElo "2497"]
[BlackElo "2078"]
[PlyCount "51"]
[EventDate "2017.08.01"]
[EventType "swiss"]
[EventRounds "9"]
[EventCountry "ESP"]
[SourceTitle "Ajedrez en Madrid"]
[Source "lmi"]
[SourceDate "2016.08.01"]

1. e4 e5 2. d4 exd4 3. Qxd4 Nc6 4. Qe3 Nf6 5. Bd2 Bb4 6. c3 Ba5 7. c4 Qe7 8.
Bxa5 Nxa5 9. Nc3 O-O 10. O-O-O Re8 11. f3 d6 12. g4 Be6 13. b3 Rad8 14. g5 Nd7
15. Nge2 Nb6 16. Nd4 Bxc4 17. bxc4 Nbxc4 18. Bxc4 Nxc4 19. Qf4 d5 20. Nc2 d4
21. Nd5 Qc5 22. Rxd4 Na3 23. Rd2 Rd6 24. Qe3 Rxd5 25. Qxa3 Rxg5 26. Rhd1 1-0

[Event "Obert Pobla de Lillet 2017"]
[Site "La Pobla de Lillet ESP"]
[Date "2017.08.02"]
[Round "2.3"]
[White "Sanpera Bonet, Juan Carlos"]
[Black "Mellado Triviño, Juan"]
[Result "0-1"]
[WhiteElo "2105"]
[BlackElo "2392"]
[PlyCount "40"]
[EventDate "2017.08.01"]
[EventType "swiss"]
[EventRounds "9"]
[EventCountry "ESP"]
[SourceTitle "Ajedrez en Madrid"]
[Source "lmi"]
[SourceDate "2016.08.01"]

1. e4 e6 2. d4 d5 3. exd5 exd5 4. c4 dxc4 5. Bxc4 Nf6 6. Nc3 Bd6 7. Nge2 O-O 8.
O-O Nc6 9. Nb5 Bg4 10. f3 Be6 11. Bxe6 fxe6 12. Nf4 Bxf4 13. Bxf4 Nd5 14. Bg3
a6 15. Nc3 Ne3 16. Qe2 Nxf1 17. Qxe6+ Rf7 18. Rxf1 Nxd4 19. Qc4 b5 20. Qd3 Nf5
0-1

[Event "Obert Pobla de Lillet 2017"]
[Site "La Pobla de Lillet ESP"]
[Date "2017.08.02"]
[Round "2.4"]
[White "Renteria Becerra, Jorge"]
[Black "Perez Garcia, Adria"]
[Result "1/2-1/2"]
[WhiteElo "2332"]
[BlackElo "2035"]
[PlyCount "73"]
[EventDate "2017.08.01"]
[EventType "swiss"]
[EventRounds "9"]
[EventCountry "ESP"]
[SourceTitle "Ajedrez en Madrid"]
[Source "lmi"]
[SourceDate "2016.08.01"]

1. e4 c6 2. d4 d5 3. e5 Bf5 4. Nf3 e6 5. Be2 Nd7 6. O-O h6 7. Nbd2 Ne7 8. Nb3
Nc8 9. a4 Be7 10. a5 O-O 11. c4 dxc4 12. Nbd2 a6 13. Nxc4 Na7 14. Be3 Nb5 15.
Qd2 Nc7 16. Bd3 Bxd3 17. Qxd3 Nd5 18. Qb3 Qc7 19. Rac1 f5 20. exf6 Bxf6 21. Bd2
Be7 22. Nfe5 Nxe5 23. Nxe5 Bd6 24. Qh3 Rae8 25. Rfe1 Rf5 26. Nd3 Qf7 27. Qg4
Qf6 28. Re4 Qf7 29. Ree1 Nf6 30. Qe2 Qg6 31. h3 Nd5 32. Qe4 Nf6 33. Qe2 Nd5 34.
b4 Qf6 35. Qe4 Qf7 36. Qe2 Qf6 37. Qe4 1/2-1/2

[Event "Obert Pobla de Lillet 2017"]
[Site "La Pobla de Lillet ESP"]
[Date "2017.08.02"]
[Round "2.5"]
[White "Barcelo Sola, David"]
[Black "Cervello Tost, Ferran"]
[Result "0-1"]
[WhiteElo "2075"]
[BlackElo "2310"]
[PlyCount "74"]
[EventDate "2017.08.01"]
[EventType "swiss"]
[EventRounds "9"]
[EventCountry "ESP"]
[SourceTitle "Ajedrez en Madrid"]
[Source "lmi"]
[SourceDate "2016.08.01"]

1. e4 c6 2. d4 d5 3. f3 e6 4. Be3 dxe4 5. fxe4 Qh4+ 6. g3 Qxe4 7. Qe2 Nf6 8.
Bg2 Qf5 9. Nf3 Qa5+ 10. Nbd2 Bd6 11. O-O Qc7 12. Ng5 h6 13. Nge4 Be7 14. Nc4
Nxe4 15. Bxe4 Nd7 16. Bf4 Qd8 17. Bd3 Nf6 18. c3 h5 19. Nd2 b6 20. Ne4 Bb7 21.
Be5 c5 22. Qf3 c4 23. Bc2 Kf8 24. h3 Bd5 25. g4 hxg4 26. hxg4 Rh4 27. Bxf6 gxf6
28. Qg3 Rh8 29. Qf4 Qb8 30. Qxb8+ Rxb8 31. Rf4 Kg7 32. Raf1 Rbg8 33. R1f2 Kf8
34. Rh2 Bxe4 35. Rxe4 Rxh2 36. Kxh2 Bd6+ 37. Kh3 Rh8+ 0-1

[Event "Obert Pobla de Lillet 2017"]
[Site "La Pobla de Lillet ESP"]
[Date "2017.08.02"]
[Round "2.6"]
[White "Guix Torres, David"]
[Black "Aranda Marin, Cristian"]
[Result "0-1"]
[WhiteElo "2040"]
[BlackElo "2263"]
[PlyCount "94"]
[EventDate "2017.08.01"]
[EventType "swiss"]
[EventRounds "9"]
[EventCountry "ESP"]
[SourceTitle "Ajedrez en Madrid"]
[Source "lmi"]
[SourceDate "2016.08.01"]

1. e4 c5 2. Nf3 d6 3. Bb5+ Nd7 4. c4 Ngf6 5. Nc3 g6 6. O-O Bg7 7. d4 cxd4 8.
Nxd4 O-O 9. h3 Nb6 10. Qe2 a6 11. Ba4 Nxa4 12. Nxa4 b5 13. Nc3 bxc4 14. Qxc4
Bb7 15. Qd3 d5 16. e5 Ne4 17. Bf4 Qb8 18. Rfe1 Bxe5 19. Bxe5 Qxe5 20. f3 Qg3
21. Nxe4 dxe4 22. Qb3 exf3 23. Nxf3 Bxf3 24. Qxf3 Qxf3 25. gxf3 Ra7 26. Rac1
Rb8 27. b3 Rb4 28. Re3 a5 29. Rce1 e6 30. Re4 Rc7 31. Kf2 Rxe4 32. Rxe4 Rc2+
33. Re2 Rc5 34. Ke3 Rh5 35. Kd4 Kf8 36. Re5 Rxe5 37. Kxe5 Ke7 38. a3 f6+ 39.
Kd4 Kd6 40. Kc4 e5 41. Kb5 f5 42. Kc4 g5 43. b4 axb4 44. axb4 h5 45. b5 g4 46.
fxg4 fxg4 47. hxg4 hxg4 0-1

[Event "Obert Pobla de Lillet 2017"]
[Site "La Pobla de Lillet ESP"]
[Date "2017.08.02"]
[Round "2.7"]
[White "Romero Pallares, Daniel"]
[Black "Tejero Royo, Fermin"]
[Result "1-0"]
[WhiteElo "2248"]
[BlackElo "2020"]
[PlyCount "57"]
[EventDate "2017.08.01"]
[EventType "swiss"]
[EventRounds "9"]
[EventCountry "ESP"]
[SourceTitle "Ajedrez en Madrid"]
[Source "lmi"]
[SourceDate "2016.08.01"]

1. d4 d5 2. Nf3 e6 3. e3 c5 4. c4 dxc4 5. Bxc4 Nc6 6. O-O Nf6 7. Nc3 Be7 8. a3
O-O 9. dxc5 Qxd1 10. Rxd1 Bxc5 11. b4 Be7 12. Bb2 Bd7 13. Ne4 Rfd8 14. Nd6 Rab8
15. Ng5 Be8 16. Nxe8 Nxe8 17. Ne4 b5 18. Rxd8 Bxd8 19. Be2 Nf6 20. Nxf6+ Bxf6
21. Bxf6 gxf6 22. Rc1 Ne5 23. Rc7 a6 24. f4 Ng6 25. Rc6 Ra8 26. Rb6 Nf8 27. Bf3
Ra7 28. Rb7 Ra8 29. Rxb5 1-0

[Event "Obert Pobla de Lillet 2017"]
[Site "La Pobla de Lillet ESP"]
[Date "2017.08.02"]
[Round "2.8"]
[White "Torrents Señal, Marc"]
[Black "Capellades Subirana, Marc"]
[Result "1/2-1/2"]
[WhiteElo "2028"]
[BlackElo "2227"]
[PlyCount "56"]
[EventDate "2017.08.01"]
[EventType "swiss"]
[EventRounds "9"]
[EventCountry "ESP"]
[SourceTitle "Ajedrez en Madrid"]
[Source "lmi"]
[SourceDate "2016.08.01"]

1. e4 e5 2. Nf3 Nc6 3. Bb5 a6 4. Bxc6 dxc6 5. d4 exd4 6. Qxd4 Bg4 7. Qxd8+ Rxd8
8. O-O Bc5 9. Bf4 Bxf3 10. gxf3 Rd7 11. Nc3 Ne7 12. Rad1 Ng6 13. Bg3 h5 14. h3
Kd8 15. Kh1 Kc8 16. Rxd7 Kxd7 17. f4 h4 18. Bh2 Kc8 19. Kg2 Re8 20. f5 Nf8 21.
f4 Bd4 22. Kf3 g6 23. fxg6 Nxg6 24. Nd1 f5 25. Re1 Ne7 26. exf5 Kd7 27. c3 Bf6
28. Nf2 Rf8 1/2-1/2

[Event "Obert Pobla de Lillet 2017"]
[Site "La Pobla de Lillet ESP"]
[Date "2017.08.02"]
[Round "2.9"]
[White "Menac Comas, Joan Ramon"]
[Black "Ayza Ballester, Jordi"]
[Result "0-1"]
[WhiteElo "2012"]
[BlackElo "2204"]
[PlyCount "70"]
[EventDate "2017.08.01"]
[EventType "swiss"]
[EventRounds "9"]
[EventCountry "ESP"]
[SourceTitle "Ajedrez en Madrid"]
[Source "lmi"]
[SourceDate "2016.08.01"]

1. e4 c5 2. Nf3 Nc6 3. d4 cxd4 4. Nxd4 g6 5. c4 Nf6 6. Nc3 Nxd4 7. Qxd4 d6 8.
Be3 Bg7 9. f3 O-O 10. Qd2 a6 11. Qf2 Be6 12. Rd1 Nd7 13. Nd5 Bxd5 14. Rxd5 Qc7
15. Bd4 Bxd4 16. Qxd4 b5 17. cxb5 Nf6 18. Bc4 Nxd5 19. Bxd5 Rac8 20. O-O axb5
21. b4 Qc3 22. Rd1 Qxd4+ 23. Rxd4 Rc3 24. Bb3 Rb8 25. Kf2 Rb6 26. Ke2 e6 27.
Kd2 Rc7 28. g4 g5 29. Ke3 Kg7 30. Rd3 Rbc6 31. Kd2 Kf6 32. h4 h6 33. hxg5+ hxg5
34. Ke2 Ke5 35. Rd1 Rc1 0-1

[Event "Obert Pobla de Lillet 2017"]
[Site "La Pobla de Lillet ESP"]
[Date "2017.08.02"]
[Round "2.10"]
[White "Dan, Teodor"]
[Black "Toquero Gracia, Pau"]
[Result "1-0"]
[WhiteElo "2191"]
[BlackElo "2003"]
[PlyCount "60"]
[EventDate "2017.08.01"]
[EventType "swiss"]
[EventRounds "9"]
[EventCountry "ESP"]
[SourceTitle "Ajedrez en Madrid"]
[Source "lmi"]
[SourceDate "2016.08.01"]

1. d4 Nf6 2. c4 g6 3. Nc3 Bg7 4. e4 d6 5. Nf3 O-O 6. Be2 Na6 7. O-O e5 8. Re1
Nd7 9. Bg5 Qe8 10. Qd2 exd4 11. Nxd4 Ndc5 12. f3 Ne6 13. Nxe6 Bxe6 14. Nd5 Bxd5
15. cxd5 Nc5 16. b4 Na4 17. Rac1 Rc8 18. Bd1 Nb6 19. Bb3 Qb5 20. Rc2 Qd7 21.
Rec1 f5 22. Bh6 Bxh6 23. Qxh6 fxe4 24. fxe4 Qe7 25. Qe3 Rfe8 26. e5 Qxe5 27.
Qxe5 Rxe5 28. Rxc7 Re1+ 29. Rxe1 Rxc7 30. Re6 Rd7 1-0

[Event "Obert Pobla de Lillet 2017"]
[Site "La Pobla de Lillet ESP"]
[Date "2017.08.02"]
[Round "2.16"]
[White "Garcia Galeote, Lorenzo"]
[Black "Codina Calvo, Daniel"]
[Result "1/2-1/2"]
[WhiteElo "1985"]
[BlackElo "1845"]
[PlyCount "104"]
[EventDate "2017.08.01"]
[EventType "swiss"]
[EventRounds "9"]
[EventCountry "ESP"]
[SourceTitle "Ajedrez en Madrid"]
[Source "lmi"]
[SourceDate "2016.08.01"]

1. d4 Nf6 2. c4 e6 3. Nf3 d5 4. cxd5 exd5 5. Nc3 c6 6. Bg5 h6 7. Bh4 Bf5 8. Qb3
Qb6 9. Qxb6 axb6 10. Bxf6 gxf6 11. g3 Na6 12. Bg2 Nb4 13. O-O Nc2 14. Rac1 Bb4
15. Nh4 Bh7 16. a3 Bxc3 17. bxc3 Nxa3 18. e4 dxe4 19. Bxe4 Bxe4 20. Rfe1 Kd7
21. Rxe4 Rae8 22. Rxe8 Rxe8 23. Nf5 h5 24. h4 Nc4 25. Rb1 b5 26. Kg2 Nd6 27.
Ne3 Ra8 28. Kf3 Ra3 29. Rc1 Nc4 30. Nxc4 bxc4 31. g4 hxg4+ 32. Kxg4 Ra2 33. Rf1
Ke6 34. h5 Re2 35. h6 Re4+ 36. f4 f5+ 37. Kg5 Re2 38. Rg1 b5 39. h7 Rh2 40.
Re1+ Kd6 41. Kxf5 Rxh7 42. Kf6 Rh3 43. Rc1 Rf3 44. f5 c5 45. dxc5+ Kxc5 46. Ke5
b4 47. cxb4+ Kxb4 48. Rd1 Rd3 49. Rb1+ Ka3 50. Rb7 c3 51. Rxf7 c2 52. Rc7 Kb2
1/2-1/2

[Event "Obert Pobla de Lillet 2017"]
[Site "La Pobla de Lillet ESP"]
[Date "2017.08.03"]
[Round "3.1"]
[White "Movsziszian, Karen"]
[Black "Aranda Marin, Cristian"]
[Result "1/2-1/2"]
[WhiteElo "2502"]
[BlackElo "2263"]
[PlyCount "114"]
[EventDate "2017.08.01"]
[EventType "swiss"]
[EventRounds "9"]
[EventCountry "ESP"]
[SourceTitle "Ajedrez en Madrid"]
[Source "lmi"]
[SourceDate "2016.08.01"]

1. g3 Nf6 2. Bg2 c5 3. f4 Nc6 4. Nf3 d6 5. d3 g6 6. O-O Bg7 7. Nc3 O-O 8. Nh4
Rb8 9. Rb1 Ng4 10. e3 f5 11. Bd2 e6 12. a3 Qd7 13. h3 Nf6 14. b4 cxb4 15. axb4
b5 16. g4 Ne7 17. e4 Bb7 18. Bf3 fxe4 19. dxe4 d5 20. Be3 dxe4 21. Qxd7 Nxd7
22. Nxe4 Nd5 23. Bxa7 Ra8 24. Bc5 Rxf4 25. Bd6 Bd4+ 26. Kh1 Be5 27. Bxe5 Nxe5
28. Nc5 Raf8 29. Rb3 Bc8 30. Kg2 Rc4 31. Re1 Rxc2+ 32. Kg3 Nxf3 33. Rxf3 Nxb4
34. Rxf8+ Kxf8 35. Nxe6+ Bxe6 36. Rxe6 Rc3+ 37. Nf3 Nc6 38. Kg2 b4 39. Re1 b3
40. Kf2 Nb4 41. Ke2 Nd3 42. Rf1 Nf4+ 43. Kd2 Rd3+ 44. Kc1 Kg7 45. h4 Re3 46.
Ng5 Ne2+ 47. Kd2 Re7 48. Rb1 Nd4 49. Kc3 h6 50. Kxd4 hxg5 51. hxg5 Rb7 52. Kc3
Rb5 53. Rxb3 Rxg5 54. Kd2 Re5 55. Re3 Kf6 56. Ke2 g5 57. Rxe5 Kxe5 1/2-1/2

[Event "Obert Pobla de Lillet 2017"]
[Site "La Pobla de Lillet ESP"]
[Date "2017.08.03"]
[Round "3.2"]
[White "Ayza Ballester, Jordi"]
[Black "Muñoz Pantoja, Miguel"]
[Result "0-1"]
[WhiteElo "2204"]
[BlackElo "2497"]
[PlyCount "54"]
[EventDate "2017.08.01"]
[EventType "swiss"]
[EventRounds "9"]
[EventCountry "ESP"]
[SourceTitle "Ajedrez en Madrid"]
[Source "lmi"]
[SourceDate "2016.08.01"]

1. e4 d5 2. exd5 Qxd5 3. Nc3 Qa5 4. d4 Nf6 5. Bc4 Nc6 6. Bb3 Bg4 7. f3 Bf5 8.
Bd2 O-O-O 9. Na4 Qa6 10. g4 Bg6 11. g5 Nh5 12. d5 Nd4 13. Be3 e5 14. Qd2 Bd6
15. O-O-O c5 16. dxc6 Qxc6 17. Qc3 Qxc3 18. Nxc3 Bc5 19. Bxd4 Bxd4 20. Nd5 Rxd5
21. Bxd5 Rd8 22. c4 Be3+ 23. Rd2 Nf4 24. Kd1 Bxd2 25. Kxd2 Nxd5 26. cxd5 Rxd5+
27. Ke3 Rd1 0-1

[Event "Obert Pobla de Lillet 2017"]
[Site "La Pobla de Lillet ESP"]
[Date "2017.08.03"]
[Round "3.3"]
[White "Mellado Triviño, Juan"]
[Black "Romero Pallares, Daniel"]
[Result "1/2-1/2"]
[WhiteElo "2392"]
[BlackElo "2248"]
[PlyCount "57"]
[EventDate "2017.08.01"]
[EventType "swiss"]
[EventRounds "9"]
[EventCountry "ESP"]
[SourceTitle "Ajedrez en Madrid"]
[Source "lmi"]
[SourceDate "2016.08.01"]

1. e4 g6 2. d4 Bg7 3. Nc3 d6 4. Bg5 c6 5. Qd2 b5 6. Nf3 Nd7 7. a3 a6 8. Be2 Qc7
9. O-O Ngf6 10. Rfe1 e5 11. Rad1 Bb7 12. h3 Rd8 13. Bh6 O-O 14. Qg5 Rfe8 15.
Bxg7 Kxg7 16. dxe5 dxe5 17. Nh4 Kh8 18. Bg4 Nxg4 19. hxg4 Nf8 20. Qf6+ Kg8 21.
Nf3 Rxd1 22. Rxd1 Qe7 23. Qxe7 Rxe7 24. Rd8 h6 25. Ne1 Kg7 26. Nd3 Ne6 27. Rb8
f6 28. b4 Rc7 29. Nc5 1/2-1/2